[Event "Madrid Oliver Gonzalez Memorial 2nd"]
[Site "Madrid"]
[Date "2011.10.12"]
[Round "5"]
[White "Barajas Fernandez, Helios"]
[Black "Hernandez Gutierrez, Jose"]
[Result "1-0"]
[WhiteElo "2104"]
[BlackElo "1890"]
[PlyCount "77"]
[EventDate "2011.10.08"]
[EventType "swiss"]
[EventRounds "9"]
[EventCountry "ESP"]
[SourceTitle "CBM 144 Extra"]
[Source "ChessBase"]
[SourceDate "2011.10.28"]
[SourceVersion "1"]
[SourceVersionDate "2011.10.28"]
[SourceQuality "1"]

1. e4 c5 2. Nf3 a6 3. d4 cxd4 4. Nxd4 Nf6 5. Bd3 e5 6. Nb3 d5 7. exd5 Nxd5 8. 0-0 Be7 9. a3 0-0 10. c4 Nf6 11. Nc3 Nbd7 12. Qc2 Qc7 13. Bg5 h6 14. Bh4 b6 15. a4 Bb7 16. a5 Qc6 17. f3 Nc5 18. Nxc5 Bxc5+ 19. Kh1 bxa5 20. Rxa5 Qb6 21. Rfa1 g5 22. Bg3 Rfe8 23. Be1 Bb4 24. R5a2 e4 25. Nxe4 Nxe4 26. fxe4 f5 27. c5 Bxc5 28. Bc4+ Kf8 29. exf5 Re4 30. Bf1 Rf4 31. Bg3 Rb4 32. Bc4 Bd4 33. b3 Bxa1 34. Rxa1 Qf6 35. Re1 Rb6 36. Be6 Rc6 37. Qd2 Rac8 38. Qb4+ Kg7 39. Qxb7+ 1-0

[Event "Madrid San Viator op 16th"]
[Site "Madrid"]
[Date "2011.05.01"]
[Round "5"]
[White "Ananian, Arman"]
[Black "Barajas Fernandez, Helios"]
[Result "0-1"]
[WhiteElo "1796"]
[BlackElo "2062"]
[PlyCount "111"]
[EventDate "2011.03.27"]
[EventType "swiss"]
[EventRounds "9"]
[EventCountry "ESP"]
[SourceTitle "EXT 2012"]
[Source "ChessBase"]
[SourceDate "2011.11.24"]
[SourceVersion "1"]
[SourceVersionDate "2011.11.24"]
[SourceQuality "1"]

1. e4 c5 2. Nf3 e6 3. d4 cxd4 4. Nxd4 Nc6 5. Nc3 Qc7 6. f4 a6 7. Be3 Bb4 8. Be2 Nf6 9. Bf3 e5 10. Nde2 exf4 11. Bxf4 Bxc3+ 12. bxc3 Ne5 13. Qd4 d6 14. Rd1 Ke7 15. 0-0 Be6 16. Ng3 Rhd8 17. Nf5+ Bxf5 18. exf5 Nfd7 19. Bxb7 Rab8 20. Bd5 f6 21. Bb3 Rb5 22. Rfe1 Rc5 23. Rd3 Qb6 24. Rh3 h6 25. Rg3 Kf8 26. Qe3 Rc6 27. Qxb6 Nxb6 28. Rd1 Rdc8 29. Be6 Re8 30. Rd4 g5 31. Bc1 Ke7 32. Kf2 h5 33. Rxg5 Ng4+ 34. Rdxg4 hxg4 35. Bd2 Rh8 36. Rxg4 Rxh2 37. Rg7+ Kd8 38. Rf7 Nc4 39. Be1 Ne5 40. Rg7 Rh8 41. Bd2 Rc7 42. Rg3 Rch7 43. c4 Ke7 44. Rb3 Nc6 45. Bc3 Nd8 46. Bd5 Rh5 47. Be4 Rh4 48. Kf3 Rg8 49. Rb6 Rgg4 50. Bd3 a5 51. Ra6 Rf4+ 52. Ke3 Rxc4 53. Ra7+ Ke8 54. Rxa5 Rxc3 55. Kd2 Rc5 56. Ra7 0-1

[Event "Madrid Oliver Gonzalez Memorial 1st"]
[Site "Madrid"]
[Date "2010.10.11"]
[Round "3"]
[White "Barajas Fernandez, Helios"]
[Black "Perez Mitjans, Orelvis"]
[Result "0-1"]
[WhiteElo "1976"]
[BlackElo "2445"]
[PlyCount "50"]
[EventDate "2010.10.09"]
[EventType "swiss"]
[EventRounds "9"]
[EventCountry "ESP"]
[SourceTitle "CBM 138 Extra"]
[Source "ChessBase"]
[SourceDate "2010.10.29"]
[SourceVersion "1"]
[SourceVersionDate "2010.10.29"]
[SourceQuality "1"]

1. e4 d5 2. exd5 Qxd5 3. Nc3 Qa5 4. Bc4 Nf6 5. Nge2 Nc6 6. d3 Bf5 7. 0-0 e6 8. Ng3 Bg6 9. Bf4 0-0-0 10. Nb5 e5 11. Bd2 Qb6 12. a4 a6 13. a5 Qc5 14. Be3 Qxc4 15. dxc4 Rxd1 16. Rfxd1 axb5 17. cxb5 Nb4 18. a6 bxa6 19. bxa6 Bd6 20. Ra5 Kd7 21. a7 Ra8 22. Rb5 Nc6 23. Rd2 Kc8 24. c4 Nxa7 25. Ra5 Bb4 0-1

[Event "Madrid Oliver Gonzalez Memorial 1st"]
[Site "Madrid"]
[Date "2010.10.09"]
[Round "1"]
[White "Barajas Fernandez, Helios"]
[Black "Recuero Guerra, David"]
[Result "0-1"]
[WhiteElo "1976"]
[BlackElo "2457"]
[PlyCount "130"]
[EventDate "2010.10.09"]
[EventType "swiss"]
[EventRounds "9"]
[EventCountry "ESP"]
[SourceTitle "CBM 138 Extra"]
[Source "ChessBase"]
[SourceDate "2010.10.29"]
[SourceVersion "1"]
[SourceVersionDate "2010.10.29"]
[SourceQuality "1"]

1. e4 c5 2. Nf3 d6 3. Bb5+ Bd7 4. a4 Nc6 5. d3 g6 6. 0-0 Bg7 7. c3 Nf6 8. Bg5 0-0 9. h3 a6 10. Bxc6 Bxc6 11. Nbd2 b5 12. axb5 axb5 13. Qc2 h6 14. Be3 Qc8 15. d4 cxd4 16. Nxd4 Bd7 17. Qd3 Qb7 18. N4b3 Be6 19. Rfc1 Nxe4 20. Na5 Qc7 21. Qxe4 Rxa5 22. Rxa5 Qxa5 23. Qb7 Re8 24. Nf3 Bc4 25. Nd4 Qa8 26. Qd7 Qc8 27. Qa7 e5 28. Nc2 Qb8 29. Qd7 Rd8 30. Qc6 d5 31. Qc5 Qd6 32. Qxd6 Rxd6 33. f4 exf4 34. Bxf4 Ra6 35. Nd4 b4 36. Nf3 Ra2 37. cxb4 Rxb2 38. Bd2 Be2 39. Rc8+ Kh7 40. Be1 Bf6 41. Rc7 Kg7 42. Kf2 Bc4+ 43. Kg3 Bf1 44. Bd2 Be2 45. Be1 Bf1 46. Bf2 Bc4 47. Be1 g5 48. Rd7 Rb3 49. Kf2 Rd3 50. Rb7 Rb3 51. Rd7 h5 52. g4 Rb2+ 53. Kg1 hxg4 54. hxg4 Rb1 55. Kf2 Rb2+ 56. Kg1 Re2 57. Bg3 Re4 58. Kg2 Rxg4 59. Kf2 Re4 60. b5 Re2+ 61. Kg1 Bxb5 62. Rxd5 Bc6 63. Rd3 Bxf3 64. Rxf3 Bd4+ 65. Kf1 Re3 0-1

[Event "Madrid San Viator op 15th"]
[Site "Madrid"]
[Date "2010.09.26"]
[Round "1.7"]
[White "Barajas Fernandez, Helios"]
[Black "Ruiz Bazaga, Miriam"]
[Result "1-0"]
[WhiteElo "1976"]
[BlackElo "1651"]
[PlyCount "45"]
[EventDate "2010.09.26"]
[EventType "swiss"]
[EventRounds "9"]
[EventCountry "ESP"]
[SourceTitle "EXT 2024"]
[Source "ChessBase"]
[SourceDate "2023.10.10"]
[SourceVersion "1"]
[SourceVersionDate "2023.10.10"]
[SourceQuality "1"]

1. e4 d6 2. d4 g6 3. Nc3 Bg7 4. Be2 Nf6 5. Be3 0-0 6. Qd2 Nbd7 7. h4 b6 8. h5 Bb7 9. hxg6 fxg6 10. f3 c5 11. 0-0-0 cxd4 12. Bxd4 Rc8 13. Nh3 Ne5 14. Ng5 Qe8 15. Bxe5 dxe5 16. Ne6 Rf7 17. Nd8 Rf8 18. Nxb7 Qc6 19. Ba6 Rb8 20. Nd5 Qe6 21. Bc4 Kh8 22. Nxf6 Qxf6 23. Rxh7+ 1-0